000 00825cam a22002537a 4500
005 20220329141128.0
008 971010s1986 r 00010 d
010 _a63058
011 _a64030
035 _a69040
082 _a636.089
_bN5y
100 0 0 _aNicolet, Jacques.
_981191
245 0 _aCompendio de bacteriología médica veterinaria
260 _aZaragoza :
_bAcribia,
_c1986
300 _a275 p.
590 _aBATCH-UPD
_b10
_c20130110
_lUCH01
_h2248
590 _aBATCH-UPD
_b10
_c20130410
_lUCH01
_h1541
590 _aBATCH-UPD
_b10
_c20130914
_lUCH01
_h0518
590 _aCONVERSION
_b10
_c20130109
_lUCH01
_h1334
650 1 4 _aBacteriología veterinaria.
_99338
901 _aBK
949 _a636.089 N5y
_bZ
_cLIBRO
_d-1205
_eLIBRO
_h849
_i69040
_si
949 _a636.089 N5y
_bZ
_cLIBRO
_d-48822
_eLIBRO
_fc.2
_h850
_i69040
_si
999 _c63058
_d63058